Occupied lives : (Record no. 31141)

MARC details
000 -LEADER
fixed length control field 04338pam a2200337 i 4500
001 - CONTROL NUMBER
control field 017166123
003 - CONTROL NUMBER IDENTIFIER
control field EG-ScBUE
005 - DATE AND TIME OF LATEST TRANSACTION
control field 20260216105324.0
008 - FIXED-LENGTH DATA ELEMENTS--GENERAL INFORMATION
fixed length control field 150324s2015 ua abf f b 001 0 eng d
020 ## - INTERNATIONAL STANDARD BOOK NUMBER
International Standard Book Number 9789774166952
040 ## - CATALOGING SOURCE
Original cataloging agency StDuBDS
Language of cataloging eng
Description conventions rda
Transcribing agency StDuBDS
Modifying agency Uk
-- EG-ScBUE
082 04 - DEWEY DECIMAL CLASSIFICATION NUMBER
Classification number 362.870899274
Edition number 22
Item number GRE
100 1# - MAIN ENTRY--PERSONAL NAME
Personal name Gren, Nina,
Dates associated with a name 1972-
Relator term author.
245 10 - TITLE STATEMENT
Title Occupied lives :
Remainder of title maintaining integrity in a Palestinian refugee camp in the West Bank /
Statement of responsibility, etc Nina Gren.
264 #1 - PUBLICATION, DISTRIBUTION, ETC. (IMPRINT)
Place of publication, distribution, etc Cairo :
Name of publisher, distributor, etc The American University in Cairo Press,
Date of publication, distribution, etc 2015.
300 ## - PHYSICAL DESCRIPTION
Extent xxiii, 225 pages, 6 unnumbered pages of plates :
Other physical details illustrations, maps ;
Dimensions 24 cm
336 ## - CONTENT TYPE
Content type term text
Source rdacontent
Content type code txt
337 ## - MEDIA TYPE
Media type term unmediated
Source rdamedia
Media type code n
338 ## - CARRIER TYPE
Carrier type term volume
Source rdacarrier
Carrier type code nc
504 ## - BIBLIOGRAPHY, ETC. NOTE
Bibliography, etc Includes bibliographical references (pages 205-218) and index.
505 0# - FORMATTED CONTENTS NOTE
Formatted contents note Introduction. Focus and purpose ; Being camp refugees under violent occupation ; Integrity and constrained agency ; Why a focus on everyday life? ; 'Normality' in a violent and prolonged refugee situation ; Social continuity : new homes and reestablished family lines ; A moral crisis on repeat ; Doing fieldwork in Dheisheh ; Overview of chapters -- Dheisheh as a social and political space. The order of things in Dheisheh ; The Bethlehem area ; The dynamica of lingering villages ; Earlier political affiliations and activism in Dheisheh ; Political disengagement at the time of fieldwork ; Concluding remarks -- Living with violence and insecurity. Experiencing ongoing crisis ; The presence of extraordinary deaths ; Extending the limits of normality ; Remaining patient and hopeful ; Negotiating trust ; Concluding remarks -- The making of new homes. To build a house is to make a life ; Imprisonment delaying life ; Children as normality, resistance, and recovery ; Reframing home to a political stage ; Getting by together ; Concluding remarks -- Reconstituting a moral order. A chain of catastrophic events ; The camp as a moral community ; Palextinian moral superiority and the immoral others ; Moral contamination ; A shaken political morality ; Concluding remarks -- Conclusion. Maintaing integrity in the face of violation ; Struggling against temporariness ; Having a life or being a true patriot? ; How may one remain a political subject? ; Existence and politics.
520 8# - SUMMARY, ETC.
Summary, etc Intense media coverage of the Israeli-Palestinian conflict does not necessarily enhance one's knowledge or understanding of the Palestinians; on the contrary they are more often than not reduced to either victims or perpetrators. Similarly, while many academic studies devote considerable effort to analyzing the political situation in the occupied territories, there have been few sophisticated case studies of Palestinian refugees living under Israeli rule. An ethnographic study of Palestinian refugees in Dheisheh refugee camp, just south of Bethlehem, Occupied Lives looks closely at the attempts of the camp inhabitants to survive and bounce back from the profound effects of political violence and Israeli military occupation on their daily lives. Based on the author's extensive fieldwork conducted inside the camp, this study examines the daily efforts of camp inhabitants to secure survival and meaning during the period of the al-Aqsa Intifada. It argues that the political developments and experiences of extensive violence at the time, which left most refugees outside of direct activism, caused many camp inhabitants to disengage from traditional forms of politics. Instead, they became involved in alternative practices aimed at maintaining their sense of social worth and integrity, by focusing on processes to establish a 'normal' order, social continuity, and morality. This book will be invaluable to scholars and students of social anthropology, sociology, international relations, refugee studies, religious studies, and Middle East studies, as well as to anyone with an interest in the Israel-Palestinian issue -- Book jacket.
610 27 - SUBJECT ADDED ENTRY--CORPORATE NAME
Corporate name or jurisdiction name as entry element Duhayshah (Refugee camp)
Source of heading or term BUEsh
650 #7 - SUBJECT ADDED ENTRY--TOPICAL TERM
Topical term or geographic name as entry element Refugees, Palestinian Arab
Geographic subdivision West Bank
General subdivision Social conditions.
Source of heading or term BUEsh
650 #7 - SUBJECT ADDED ENTRY--TOPICAL TERM
Topical term or geographic name as entry element Refugee camps
Geographic subdivision West Bank.
Source of heading or term BUEsh
650 #7 - SUBJECT ADDED ENTRY--TOPICAL TERM
Topical term or geographic name as entry element Al-Aqsa Intifada, 2000-
Source of heading or term BUEsh
653 ## - INDEX TERM--UNCONTROLLED
Arrived date list February2026
Resource For college Generalities
655 ## - INDEX TERM--GENRE/FORM
Form subdivision Reading book
942 ## - ADDED ENTRY ELEMENTS (KOHA)
Source of classification or shelving scheme Dewey Decimal Classification
Koha item type Book - Borrowing
Holdings
Withdrawn status Lost status Source of classification or shelving scheme Damaged status Not for loan Collection code Home library Current library Shelving location Date acquired Source of acquisition Cost, normal purchase price Total Checkouts Full call number Barcode Date last seen Cost, replacement price Price effective from Koha item type
    Dewey Decimal Classification     AUC Central Library Central Library First floor 16/02/2026 Purchase 455.00   362.870899274 GRE 000057549 16/02/2026 568.00 16/02/2026 Book - Borrowing